| 000 | 00336nam a22000977a 4500 | ||
|---|---|---|---|
| 008 | 231128b |||||||| |||| 00| 0 eng d | ||
| 082 |
_aDG AME / _bODOC1 |
||
| 100 |
_aO´Donnel, Liam _eAutor _943018 |
||
| 245 |
_aMax Finder casos misteriosos: _bEl caso del sabotaje en la misión a marte y otros misterios / _cLiam O´Donne |
||
| 942 | _2ddc | ||
| 999 |
_c30447 _d16831 |
||